Unemployment insurance financing : An evoluation
| Main Author: | |
|---|---|
| Format: | Book |
| Published: |
Washington D.C. :
American Enterprise Institute for Public Policy Research ,
1981
|
| Subjects: |
MARC
| LEADER | 00000cam a2200000 7i4500 | ||
|---|---|---|---|
| 001 | 0000003214 | ||
| 005 | 20050415.0 | ||
| 020 | |a 0844734624 | ||
| 040 | |a INS | ||
| 090 | 0 | 0 | |a HD7096.U5 |b B432 1981 |
| 100 | 1 | |a Becker, Joseph M. | |
| 245 | 1 | 0 | |a Unemployment insurance financing : |b An evoluation |c Joseph M. Becker |
| 260 | |a Washington D.C. : |b American Enterprise Institute for Public Policy Research , |c 1981 | ||
| 300 | |a 169p. ; |c 23 cm. | ||
| 650 | 0 | 0 | |a Insurance |x Unemployment |z United State |x Finance |
| 999 | |a 0000004212 |b BOOK |c Open Shelf |e Default branch | ||